| 000 | 01251nam a2200301 i 4500 | ||
|---|---|---|---|
| 001 | 184689 | ||
| 003 | ES-MaACL | ||
| 005 | 20251014063259.0 | ||
| 008 | 151113s2015 sp ac |||| |dspa d | ||
| 020 | _a978-84-15069-51-5 | ||
| 080 | _a686.1 Brugalla Turmo, Emilio | ||
| 080 | _a017.1(460.27 M.) | ||
| 080 | _a095(460)"19" | ||
| 100 | 1 |
_aGarcía Herranz, Ana, _d1972- _9158130 |
|
| 245 | 1 | 0 |
_aBrugalla, maestro encuadernador, en la Biblioteca de la Real Academia de la Historia / _cAna García Herranz, Antonio Carpallo Bautista. |
| 260 |
_a[Madrid] : _bReal Academia de la Historia, _c[2015] |
||
| 300 |
_a161 p. : _bil. col. y n., retr. ; _c24 cm. |
||
| 504 | _aBibliografía: p. [119]-121. | ||
| 600 | 1 | 7 |
_aBrugalla Turmo, Emilio, _d1901-1987 _2 _9158131 |
| 650 | 7 |
_aEncuadernación artística- _zReal Academia de la Historia (España). Biblioteca. _9158132 |
|
| 650 | 7 |
_aManuscritos- _vCatálogos. _9136460 |
|
| 700 | 1 |
_aCarpallo Bautista, Antonio. _9158133 |
|
| 710 | 2 |
_aReal Academia de la Historia (España) _96309 |
|
| 852 |
_aES-MaACL _jA-13622 _9191699 _bR.150855 _cDEPO1 _dOlim:N-6622 _hDonación: Ana García Herranz |
||
| 903 |
_aGarcía Herranz, Ana, _d1972- _ednr _9158130 |
||
| 942 | _2udc | ||
| 999 |
_c184689 _d184689 |
||